000 01041nam a2200229Ia 4500
003 Ost
005 20260507075048.0
008 260507s9999||||xx |||||||||||||| ||und||
020 _a×573249960
040 _cfsecg
041 _aara
100 _aب.تودارو، ميشيل
_eمؤلف
245 0 _aالتنمية الاقتصادية /
_c ميشيل ب.تودارو
260 _aالرياض:
_bدار المريخ للنشر,
_c2006
300 _a871 صفحة؛
_bإيضاحات ؛
_c24 سم
504 _aكشاف مصطلحات ص.819
520 _aالمبادئ والمفاهيم-المشكلات والسياسات التنموية على المستوى المحلي-المشكلات والسياسات التنموية على المستوى الدولي-الامكانيات والتوقعات
653 _aالتنمية الاقتصادية
700 _aحسني، محمود حسن
_eمؤلف ثانوي
700 _aعبد الرازق، محمود حامد محمود
_eمؤلف ثانوي
942 _cكتاب
999 _c42608
_d42608